| 000 | 01046nam a22003257a 4500 | ||
|---|---|---|---|
| 003 | CHAP | ||
| 005 | 20220329140137.0 | ||
| 008 | 971013s1969 r 00010 d | ||
| 010 | _a47620 | ||
| 011 | _a48592 | ||
| 035 | _a52738 | ||
| 040 | _cCHAP | ||
| 082 |
_a333.0972 _bR4 |
||
| 100 | 0 | 0 |
_aReyes Osorio, Sergio. _996939 |
| 245 | _aReforma agraria ; tres ensayos | ||
| 260 |
_aMéxico, D. F. : _bCentro Nacional de Productividad, _c1969 |
||
| 300 | _a150 p. | ||
| 490 |
_aCiencia y Tecnología _v; 10 |
||
| 590 |
_aBATCH-UPD _b10 _c20130109 _lUCH01 _h2359 |
||
| 590 |
_aBATCH-UPD _b10 _c20130110 _lUCH01 _h1133 |
||
| 590 |
_aBATCH-UPD _b10 _c20130410 _lUCH01 _h0722 |
||
| 590 |
_aBATCH-UPD _b10 _c20130914 _lUCH01 _h0933 |
||
| 590 |
_aCONVERSION _b10 _c20130109 _lUCH01 _h1326 |
||
| 650 | 1 | 4 |
_aAgricultura _xAspectos economicos _zMexico. _91312 |
| 650 | 1 | 4 |
_aReforma agraria _zMéxico. _995596 |
| 830 | 0 |
_aCiencia y Tecnología _v; 10 _923158 |
|
| 901 | _aBK | ||
| 942 | _cLIBRO | ||
| 949 |
_a333.0972 R4 _bBC _cLIBRO _d-117301 _eLIBRO _h15747 _i52738 _si |
||
| 999 |
_c47620 _d47620 |
||